000 00610nam a2200253Ia 4500
005 20260121161025.0
008 008 260114s9999 xx 000 0 eng d
020 _a9780203937280
037 _aEBOOK
040 _aCRL
040 _beng
040 _cCRL
041 _2eng
041 _aeng
084 _qCRL
100 _a Alycia Smith-Howard; Kevin J. Wetmore Jr
_91039267
245 0 _aSuzan-Lori Parks
260 _bTaylor and Francis
260 _c2007
856 _uhttp://www.taylorfrancis.com/books/9780203937280
942 _cEBOOK
999 _c1606083
_d1606083